MICROECONOMICS : A PROGRAMMED BOOK /

Kaydedildi:
Detaylı Bibliyografya
Yazar: Lumsden, Keith (autor)
Diğer Yazarlar: Attiyeh, Richard (autor) (autor), Bach, George Leland (autor) (autor)
Materyal Türü: Kitap
Edisyon:2a edición
Konular:
Etiketler: Etiketle
Etiket eklenmemiş, İlk siz ekleyin!

MARC

LEADER 00000nam^a2200000^a^4500
001 000243854
005 20250521000000.0
009 20260310105357.012
035 |a 067436 
037 |a Acervo Xavier Clavigero 
082 |a 338. 5 LUM 
100 |a Lumsden, Keith  |e (autor) 
245 1 0 |a MICROECONOMICS :  |b A PROGRAMMED BOOK /  |c KEITH LUMSDEN, RICHARD ATTIYEH, GEORGE LELAND BACH 
250 |a 2a edición 
264 |a Upper Saddle River, EUA :  |b Prentice-Hall,  |c 1970 
300 |a 285 p. :  |b tbs. 
336 |a texto  |b txt  |2 rdacontenido 
337 |a sin mediación  |b n  |2 rdamedio 
338 |a volumen  |b nc  |2 rdasoporte 
649 |a XX 
650 |a Microeconomía 
700 |a Attiyeh, Richard  |e (autor) 
700 |a Bach, George Leland  |e (autor) 
910 |a Fondo General 
920 |a Impresos - Libros 
930 |a Colección General 
905 |a 101 
901 |a 067436  |b IT1  |c ACC  |i 067436  |u 20250521 
902 |a https://opac.biblio.iteso.mx/vufind/Record/000243854